<?xml version="1.0" encoding="UTF-8"?>
<record
    xmlns:xsi="http://www.w3.org/2001/XMLSchema-instance"
    xsi:schemaLocation="http://www.loc.gov/MARC21/slim http://www.loc.gov/standards/marcxml/schema/MARC21slim.xsd"
    xmlns="http://www.loc.gov/MARC21/slim">

  <leader>01153nam a2200229 i 4500</leader>
  <datafield tag="999" ind1=" " ind2=" ">
    <subfield code="c">22956</subfield>
    <subfield code="d">22956</subfield>
  </datafield>
  <controlfield tag="003">AR-CdUCM</controlfield>
  <controlfield tag="008">240802b        pe ||||| |||| 00| 0 spa d</controlfield>
  <datafield tag="040" ind1=" " ind2=" ">
    <subfield code="a">MUNICIPALIDAD PROVINCIAL DEL CUSCO</subfield>
    <subfield code="c">BIBLIOTECA MUNICIPAL DEL CUSCO</subfield>
  </datafield>
  <datafield tag="082" ind1=" " ind2=" ">
    <subfield code="a">864.985 / M36C</subfield>
    <subfield code="b">M36C</subfield>
  </datafield>
  <datafield tag="100" ind1=" " ind2=" ">
    <subfield code="a">Medina S&#xE1;nchez, Juan </subfield>
  </datafield>
  <datafield tag="245" ind1=" " ind2=" ">
    <subfield code="a">La Contra Historia del Per&#xFA; /</subfield>
  </datafield>
  <datafield tag="260" ind1=" " ind2=" ">
    <subfield code="a">Arequipa :</subfield>
    <subfield code="b">Carlos Alberto Zeballos Z&#xE1;ferson, </subfield>
    <subfield code="c">2013.</subfield>
  </datafield>
  <datafield tag="300" ind1=" " ind2=" ">
    <subfield code="a">288 p&#xE1;ginas. :</subfield>
    <subfield code="c">21 cm.</subfield>
  </datafield>
  <datafield tag="505" ind1=" " ind2=" ">
    <subfield code="a">Guerra bacteriol&#xF3;gica que sufrieron los incas -- La Invasi&#xF3;n de los Espa&#xF1;oles al Continente Andino --  La reuni&#xF3;n del rey de Espa&#xF1;a con sus autoridades -- La primera expedici&#xF3;n Malaspina -- La Segunda expedici&#xF3;n Malaspina -- La Junta preparatoria de la independencia -- Personajes que conformaron las Juntas de Independencia -- Sugerencias de San Martin -- Sugerencias de Sim&#xF3;n Bol&#xED;var a la Junta de la Independencia...
</subfield>
  </datafield>
  <datafield tag="650" ind1=" " ind2=" ">
    <subfield code="a">Invasi&#xF3;n espa&#xF1;ola</subfield>
    <subfield code="9">2876</subfield>
  </datafield>
  <datafield tag="650" ind1=" " ind2=" ">
    <subfield code="a">Expedici&#xF3;n Malaspina</subfield>
    <subfield code="9">50121</subfield>
  </datafield>
  <datafield tag="650" ind1=" " ind2=" ">
    <subfield code="a">Juntas de independencia </subfield>
    <subfield code="9">50122</subfield>
  </datafield>
  <datafield tag="650" ind1=" " ind2=" ">
    <subfield code="a">Tupac Amaru II</subfield>
    <subfield code="9">50123</subfield>
  </datafield>
  <datafield tag="942" ind1=" " ind2=" ">
    <subfield code="2">ddc</subfield>
    <subfield code="c">LIBROS</subfield>
  </datafield>
  <datafield tag="945" ind1=" " ind2=" ">
    <subfield code="a">pbj</subfield>
    <subfield code="d">2024-08-02</subfield>
  </datafield>
  <datafield tag="952" ind1=" " ind2=" ">
    <subfield code="0">0</subfield>
    <subfield code="2">ddc</subfield>
    <subfield code="4">0</subfield>
    <subfield code="7">0</subfield>
    <subfield code="a">SH</subfield>
    <subfield code="b">SH</subfield>
    <subfield code="c">CART</subfield>
    <subfield code="d">2024-08-02</subfield>
    <subfield code="e">donaci&#xF3;n</subfield>
    <subfield code="g">10.00</subfield>
    <subfield code="o">864.985 / M36C </subfield>
    <subfield code="p">SH0000016784</subfield>
    <subfield code="r">2024-08-02</subfield>
    <subfield code="y">LIBROS</subfield>
  </datafield>
</record>
